1580 1517 1908 1452 1098 1178 1188 1272 1687 1908 1916 1472 1666 1997 1128 1477 1386 1645 1351 1924 1577 1246 1303 1797 1197 1096 1835 1929 1760 1476 1273 1597 1948 1954 1339 1748 1980 1682 1512 1272 1182 1822 1938 1517 1677 1585 1947 1609 1423 1192 1439 1679 1934 1702 1840 1153 1342 1038 1727 1977 1548 1352 1744 1388 1523 1930 1520 1382 1969 1898 1057 1830 1027 1680 1423 1156 1218 1466 1470 1128 1435 1957 1666 1408 1422 1443 1358 1879 1140 1138 1215 1536 1804 1395 1857 1267 1581 1247 1563 BCNSPRNW ULIB Ver.6.0+V

เปลี่ยนเป็นภาษาไทย

Change to English
 แสดงรายละเอียดบรรณานุกรม
  กลับหน้าหลัก

Brief Record : Get Marc (ISO 2709) : E-mail record : QR code < ปิดหน้าต่าง
LEADER : 00000nam 2200000uu 4500
001    13399123164
003     ULIB
008    020711s2551 th a 000 0 tha d
020    97493350284
020    9789748217284
090    นว.^bฬ111จ
100    ฬีฬา
110    ยาหยี-ยาใจ
245    เจ้าหญิงในดวงใจ/^cฬีฬา
250    พิมพ์ครั้งที่ 4
260    กรุงเทพฯ :^bยาหยี-ยาใจ,^c2551
300    143 หน้า;^b21 ซม.
945    ^p120^l0^i034420
999    ^aเกษร โพธิ์สุวรรณ
รายการนี้ยังไม่มีแท็ก
คุณยังไม่ได้ล็อกอิน คุณสามารถมีกิจกรรมร่วมกับเว็บไซต์ได้ แต่ต้องล็อกอินก่อน ::
  ล็อกอิน

รายการสื่อสารสนเทศ

ลำดับที่ ประเภท เลขเรียก/บาร์โค้ด สถานที่ สถานะ
1. นวนิยาย
นวนิยาย
นว. ฬ111จ ฉ.1 
  Barcode: 034420
ห้องสมุดวิทยาเขตสวรรค์ประชารักษ์
►นวนิยาย
บนชั้น
  ขอยืม

รายการใกล้เคียง
    ผู้แต่ง [ฬีฬา]

BibComment


ยังไม่เคยถูกคอมเมนท์

คอมเมนท์ทรัพยากรรายการนี้
  คอมเมนท์: เจ้าหญิงในดวงใจ ฬ..


 Copyright 2026. Bcnsprnw @Library